500 bài toán chọn lọc: Các dạng bài tập đại số 9, hình học cơ bản và nâng cao theo chương trình mới.
v.v...
Đã lưu trong:
| Tác giả chính: | |
|---|---|
| Định dạng: | Sách |
| Năm xuất bản: |
H.
Đại học sư phạm,
2005
|
| Chủ đề: | |
| Tags: |
Thêm thẻ
Không có thẻ, Hãy là người đầu tiên gắn thẻ bản ghi này!
|
| LEADER | 01514nam a2200277 4500 | ||
|---|---|---|---|
| 082 | |a 510.76 |b NG527NG | ||
| 100 | |a Nguyễn Ngọc Đạm | ||
| 245 | |a 500 bài toán chọn lọc: |b Các dạng bài tập đại số 9, hình học cơ bản và nâng cao theo chương trình mới. |c Nguyễn Ngọc Đạm, Nguyễn Quang Hanh, Ngô Long Hậu | ||
| 260 | |a H. |b Đại học sư phạm, |c 2005 | ||
| 300 | |a 231tr. |c 24cm. | ||
| 520 | |a v.v... | ||
| 653 | |a Toán học | ||
| 653 | |a Bài toán | ||
| 653 | |a Bài tập | ||
| 653 | |a Đại số | ||
| 653 | |a Hình học | ||
| 653 | |a Hướng dẫn | ||
| 653 | |a Giải bài tập | ||
| 653 | |a Lớp 9 | ||
| 942 | |2 ddc |c STK0 | ||
| 999 | |c 6903 |d 6903 | ||
| 952 | |0 0 |1 0 |2 ddc |4 0 |6 510_760000000000000_NG527NG |7 0 |8 500 |9 64473 |a qbu |b qbu |c D3 |d 2015-01-26 |g 23000 |o 510.76 NG527NG |p 6658.c1 |r 0000-00-00 |w 2015-01-26 |y STK0 | ||
| 952 | |0 0 |1 0 |2 ddc |4 0 |6 510_760000000000000_NG527NG |7 0 |8 500 |9 64474 |a qbu |b qbu |c D3 |d 2015-01-26 |g 23000 |o 510.76 NG527NG |p 6658.c2 |r 0000-00-00 |w 2015-01-26 |y STK0 | ||
| 952 | |0 0 |1 0 |2 ddc |4 0 |6 510_760000000000000_NG527NG |7 0 |8 500 |9 64475 |a qbu |b qbu |c D3 |d 2015-01-26 |g 23000 |o 510.76 NG527NG |p 6658.c3 |r 0000-00-00 |w 2015-01-26 |y STK0 | ||
| 952 | |0 0 |1 0 |2 ddc |4 0 |6 510_760000000000000_NG527NG |7 0 |8 500 |9 64476 |a qbu |b qbu |c D3 |d 2015-01-26 |g 23000 |o 510.76 NG527NG |p 6658.c4 |r 0000-00-00 |w 2015-01-26 |y STK0 | ||
| 952 | |0 0 |1 0 |2 ddc |4 0 |6 510_760000000000000_NG527NG |7 0 |8 500 |9 98659 |a qbu |b qbu |c D3 |d 2015-11-12 |g 23000 |l 3 |m 3 |o 510.76 NG527NG |p 6658.c5 |r 2019-05-15 |s 2019-04-18 |w 2015-11-12 |y STK0 | ||